000 00618nam a2200217Ia 4500
003 GCL
008 140319s9999 xx 000 0 eng d
040 _aGCL /
_cGCL
082 0 4 _a617.156
_bG C
100 1 _aGREENBERZ, ALEX M.
245 1 0 _aCRANUNOMAXILLOFACIAL FRACTURES: PRINCIPLES OF INTERNAL FIXATION USING THE AO \ ASIF TECHNIQUE /
_cGREENBERZ, ALEX M.
260 _a[S.N] :
_bSPRINGER - VERLAG ،
_c1993
300 _a211 P
650 0 4 _aMETHODS
650 0 4 _aSURGERY
650 0 4 _aFRACTURE FIXATION
650 0 4 _aINTERNAL
650 0 4 _aMAXILLOFACIAL
650 0 4 _aSKULL FRACTURES
942 _2ddc
_cBK
999 _c11040
_d11040